000 00510nam a2200169Ia 4500
003 GCL
008 140319s9999 xx 000 0 ara d
040 _aGCL /
_cGCL
082 0 4 _a810.8
_bر ا
100 1 _aراتكه بيرند
245 1 0 _aكتاب ادب الملوك : بيان حقائق التصوف /
_cراتكه بيرند
490 _aنصوص ودراسات
_v0
650 0 4 _aالتصوف
650 0 4 _aالملوك والحكام فى الادب
650 0 4 _aالملوك
942 _2ddc
_cBK
999 _c45654
_d45654